000
00320nam a2200157Ia 4500
100
_a
Tan/Li
650
_a
Signal Processing
942
_c
BK
366
_f
20
245
_a
Digital signal processing
260
_b
Elsevier
_c
2008
082
_a
621.3822/TAN
_b
TAN
300
_a
816
546
_a
ENGLISH
999
_c
24157
_d
24157